Vlaggen met zwaartekracht - Statistieken

Algemene statistieken
  • Deze quiz is 38 keer genomen
  • De gemiddelde score is 13 van 16
Antwoordstatistieken
Foto Antwoord % Correct
Brazilië
100%
China
100%
Israël
97%
Saoedi-Arabië
97%
Kazachstan
94%
Nieuw-Zeeland
94%
Algerije
86%
Papoea-Nieuw-Guinea
86%
Zambia
80%
Laos
74%
Maldiven
74%
Saint Vincent en de Grenadines
74%
Oost-Timor
71%
Samoa
71%
Mauritanië
69%
Micronesië
69%
Geen overeenkomende quizzen gevonden
Scoreverdeling
Procent van Mensen met Elke Score
Percentiel versus Aantal Correcte Antwoorden
Uw Scoregeschiedenis
U heeft deze quiz nog niet genomen